ბათუმის შოთა რუსთაველის სახელმწიფო უნივერსიტეტის ბიბლიოთეკა

ტურიზმი ეკონომიკა და ბიზნესი : V საერთაშორისო სამეცნ.-პრაქტ. კონფერენცია, ბათუმი - ხიხანის ხეობა, 5-6 ივლისი, 2014 : (ბიბ.ჩანაწერი № 43705)

000 -ლიდერი
ფიქსირებული სიგრძის საკონტროლო ველი 01808nam a2200277Ia 4500
001 - საკონტროლო ნომერი
საკონტროლო ველი 10446
003 - საკონტროლო ნომრის იდენტიფიკატორი
საკონტროლო ველი GE_BSU
005 - ბოლო ოპერაციის თარიღი და დრო
საკონტროლო ველი 20240617154441.0
008 - ფიქსირებული სიგრძის მონაცემთა ელემენტები - ზოგადი ინფორმაცია
ფიქსირებული სიგრძის საკონტროლო ველი 181216s2014||||ge |||||||||||||| ||geo||
040 ## - კატალოგიზაციის წყარო
Transcribing agency GE_BSU
041 ## - ენის კოდი
Language code of text/sound track or separate title geo
080 ## - უნივერსალური ათობითი კლასიფიკაციის ინდექსი
Universal Decimal Classification number 338.48(063) ტ–92
245 ## - ცნობა სათაურის შესახებ
Title ტურიზმი ეკონომიკა და ბიზნესი : V საერთაშორისო სამეცნ.-პრაქტ. კონფერენცია, ბათუმი - ხიხანის ხეობა, 5-6 ივლისი, 2014 :
Remainder of title პროგრამა /
Statement of responsibility, etc ბათუმის შოთა რუსთაველის სახელმწ. უნ-ტი, ტურიზმის ფაკ-ტი, აჭარის არ ტურიზმისა და კურორტების დეპარტამენტი.
264 ## - წარმოების, გამოცემის, დისტრიბუციის და სხვა ცნობები
გამოცემის, წარმოების, დისტრიბუციის... ადგილი ბათუმი :
გამოცემის, წარმოების, დისტრიბუციის... თარიღი 2014.
300 ## - ფიზიკური აღწერა
Extent 34 გვ. ;
Dimensions 20 სმ.
500 ## - ზოგადი შენიშვნა
General note
653 ## - INDEX TERM--UNCONTROLLED
Uncontrolled term ტურიზმი
653 ## - INDEX TERM--UNCONTROLLED
Uncontrolled term ეკონომიკა და ბიზნესი
700 ## - ADDED ENTRY--PERSONAL NAME
Personal name ყორღანაშვილი, ლ. (ლარისა)
Relator term ავტორი
9 (RLIN) 22451
700 ## - ADDED ENTRY--PERSONAL NAME
Personal name აბესაძე, ნ. (ნინო)
Relator term ავტორი
9 (RLIN) 22452
700 ## - ADDED ENTRY--PERSONAL NAME
Personal name ბეჟანიშვილი, ა. (ანი)
Relator term ავტორი
9 (RLIN) 22453
700 ## - ADDED ENTRY--PERSONAL NAME
Personal name ქინქლაძე, რ. (რუსუდან)
Relator term ავტორი
9 (RLIN) 22454
710 ## - ADDED ENTRY--CORPORATE NAME
Corporate name or jurisdiction name as entry element ბათუმის შოთა რუსთაველის სახელმწ. უნ-ტი
Subordinate unit ტურიზმის ფაკ-ტი
9 (RLIN) 1536
710 ## - ADDED ENTRY--CORPORATE NAME
Corporate name or jurisdiction name as entry element აჭარის არ ტურიზმისა და კურორტების დეპარტამენტი
9 (RLIN) 1536
942 ## - ADDED ENTRY ELEMENTS (KOHA)
Koha item type წიგნი
Source of classification or shelving scheme
ეგზემპლარები
ჩამოწერის სტატუსი დაკარგული ეგზემპლარის სტატუსი კლასიფიკაციის წყარო ან თაროზე გაწყობის სქემა დაზიანების სტატუსი არ გაიცემა მუდმივი მდებარეობა (დაცვის ადგილი) ამჟამინდელი ადგილსამყოფელი თაროზე განთავსების ადგილი შეძენის თარიღი სრული შენახვის შიფრი შტრიხკოდი ბოლო ოპერაციის თარიღი ეგზემპლარის მიმდევრობითი ნომერი (კეტერი?) ფასის ძალაში შესვლის თარიღი ეგზემპლარის სახეობა
          ბათუმის შოთა რუსთაველის სახელმწიფო უნივერსიტეტის მთავარი ბიბლიოთეკა ბათუმის შოთა რუსთაველის სახელმწიფო უნივერსიტეტის მთავარი ბიბლიოთეკა წიგნსაცავი 2018-12-17 338.48(063) ტ–92 26873 2018-12-17 26873 2018-12-17 წიგნი